La buena fama / (Record no. 166888)

MARC details
000 -LEADER
campo de control de longitud fija 00618nam a22002055i 4500
001 - NÚMERO DE CONTROL
campo de control 166888
003 - IDENTIFICADOR DE NÚMERO DE CONTROL
campo de control ES-MaACL
005 - FECHA Y HORA DE LA ÚLTIMA TRANSACCIÓN
campo de control 20231223063112.0
008 - DATOS DE LONGITUD FIJA--INFORMACIÓN GENERAL
campo de control de longitud fija 960320s1896 sp a |||| | spa
080 ## - NÚMERO DE LA CLASIFICACIÓN DECIMAL UNIVERSAL
Número de la Clasificación Decimal Universal 821.134.2-32"18"
100 1# - ENTRADA PRINCIPAL--NOMBRE DE PERSONA
Nombre de persona Valera, Juan,
Fechas asociadas al nombre 1824-1905
9 (RLIN) 112638
245 13 - MENCIÓN DEL TÍTULO
Título La buena fama /
Mención de responsabilidad, etc. Juan Valera ; ilustraciones de Klong.
260 ## - PUBLICACIÓN, DISTRIBUCIÓN, ETC.
Lugar de publicación, distribución, etc. Madrid :
Nombre del editor, distribuidor, etc. Fernando Fé,
Fecha de publicación, distribución, etc. 1896 (
Fabricante Tip. Avrial)
300 ## - DESCRIPCIÓN FÍSICA
Extensión 235 p. :
Otras características físicas il. ;
Dimensiones 14 cm.
490 1# - MENCIÓN DE SERIE
Mención de serie Colección Klong
700 1# - ENTRADA AGREGADA--NOMBRE PERSONAL
Nombre de persona Klong.
9 (RLIN) 68289
830 1# - PUNTO DE ACCESO ADICIONAL DE SERIE-TÍTULO UNIFORME
Título uniforme Colección Klong
9 (RLIN) 188629
852 ## - LOCALIZACIÓN
Ubicación ES-MaACL
Número de control de estantería G-3799
Nota libre - Enc. hol.
Holdings
Estatus retirado Estado de pérdida Estado de daño No para préstamo Colección Biblioteca de origen Biblioteca actual Ubicación en estantería Fecha de adquisición Fuente de adquisición Total de préstamos Signatura topográfica completa Código de barras Visto por última vez Precio de reemplazo Tipo de ítem Koha
        Libros del s. XIX Biblioteca del Ateneo de Madrid Biblioteca del Ateneo de Madrid Depósito 2 17/01/2008     G-3799 1175059 23/02/2023 23/02/2023 Libro impreso antiguo